Contribuciones del IICA a la literatura de las ciencias agrícolas, 1942-1969 /

Guardado en:
Autor Principal: Huertas, Maritza.
Autor Corporativo: Instituto Interamericano de Ciencias Agrícolas. Centro Interamericano de Documentación e Información Agrícola.
Otros Autores: Malugani, M.D.
Formato: Libro
Idioma:Spanish
Publicado: Turrialba : IICA, CIDIA, 1972.
Edición:rev. ed.
Series:Bibliotecologia y Documentación (IICA/CIDIA) ; nº 12 (rev.)
Etiquetas: Agregar Etiqueta
Sin Etiquetas, Sea el primero en etiquetar este registro!
LEADER 00724nam a22001815a 4500
001 EEA.libagro002191
005 20150708110543.0
008 130809s1972####cr############000#0#spa#d
082 0 4 |a 630 
100 1 |a Huertas, Maritza. 
245 1 0 |a Contribuciones del IICA a la literatura de las ciencias agrícolas, 1942-1969 /  |c Maritza Huertas, M.D. Malugani. 
250 |a rev. ed. 
260 |a Turrialba :  |b IICA, CIDIA,  |c 1972. 
300 |a 164 p. 
490 1 |a Bibliotecologia y Documentación (IICA/CIDIA) ;  |v nº 12 (rev.) 
700 1 |a Malugani, M.D. 
710 2 |a Instituto Interamericano de Ciencias Agrícolas.  |b Centro Interamericano de Documentación e Información Agrícola. 
859 |a AR-BbBCA  |b BIB. AGRONOMIA  |h B630  |i H887  |p 1974/0129